Responses for Show #1657 - Tuesday, November 12, 1991

1991 Tournament of Champions semifinal game 2.

Contestants

[<< previous game]

Lou Pryor, a lawyer and Seniors Tournament winner from New Canaan, Connecticut

Jonathan Jacobs, an operations research analyst originally from Philadelphia, Pennsylvania

Mark Born, an investment analyst from Los Angeles, California

[next game >>]

Jeopardy! Round responses

THE HUMAN BODY
FILE UNDER "N"
THE BIBLE
BOXING
SHELLFISH
JUDY GARLAND
    $100 12
DNA

Jonathan
    $100 16
nominative

Jonathan
    $100 1
Moses

Mark
    $100 4
Muhammad Ali

Jonathan
    $100 9
crab

Lou
    $100 26
Mickey Rooney

Jonathan
    $200 13
ear

Mark
    $200 17
Namibia

Lou
    $200 2
Paul

Lou
    $200 5
sparring

Jonathan
    $200 10
clams

Lou
    $200 27
(Vincente) Minnelli

Lou
    $300 14
sinuses

Jonathan
    $300 18
necropolises

Lou
    $300 3
ten

Jonathan
    $300 6
Joe Louis

Jonathan
    $300 11
(Mark: What is lobster?)

oyster

MarkJonathan
    $300 28
(Georgie) Jessel

Mark
    $400 15
(Jonathan: What is the spine?)

thoracic

Jonathan
Triple Stumper
    $400 19
nihilism

Jonathan
    $1,000 24
Jacob

Jonathan
    $400 7
(Jack) Johnson

Jonathan
    $400 22
lobster

Lou
    $400 29
(Lou: Who is Van Johnson?)

Gene Kelly

Lou
Triple Stumper
    $500 21
(Mark: What is the...?)

trachea

MarkJonathan
    $500 20
(Jonathan: What is nothing?)

November

Jonathan
Triple Stumper
    $500 25
Elizabeth

Mark
    $500 8
Primo Carnera

Mark
    $500 23
mussels

Jonathan
    $500 30
James Mason

Lou

Scores at the first commercial break (after clue 15):

Mark Jonathan Lou
$500 $1,600 $500

Scores at the end of the Jeopardy! Round:

Mark Jonathan Lou
$800 $3,700 $1,700

Double Jeopardy! Round responses

1990
PLAYWRIGHTS
NEW ZEALAND
EUROPEAN HISTORY
COMPOSERS
18TH CENTURY QUOTES
    $200 26
Prince Charles

Jonathan
    $200 12
Shaw

Lou
    $200 3
kiwi fruit

Jonathan
    $200 16
Switzerland

Lou
    $200 9
Schubert

Jonathan
    $200 22
(Alex: Or Ben Franklin, yes.)

Poor Richard

Jonathan
    $400 27
Canada

Jonathan
    $400 13
(John) Osborne

Lou
    $400 4
Southern Cross

Mark
    $400 17
(Mark: What is Rhodes?)

Crete

Mark
Triple Stumper
    $400 20
Pulitzer

Lou
    $400 23
I survived

Lou
    $600 28
Saddam Hussein

Jonathan
    $600 14
(William) Inge

Lou
    $600 10
(Jonathan: What is Auckland?)

Wellington

MarkJonathan
    $600 18
Great Britain

Mark
    $600 21
Leningrad

Lou
    $600 24
Frederick the Great

Lou
    $800 29
Peru

Lou
    $800 15
Maeterlinck

Lou
    $800 11
(Jonathan: Who is Hawke?)
[Alex said the last name like it rhymes with "hang" and corrected it to "Long-ee" before the FJ clue reveal.]

David Lange

Jonathan
Triple Stumper
    $800 19
Maria Theresa

Lou
    $800 2
piano

Jonathan
    $800 25
Samuel Johnson

Lou
    $1000 30
(Jonathan: Who was McFarlane?)

Poindexter

MarkJonathan
    $2,000 8
Eugene O'Neill

Mark
    $2,200 5
Christchurch

Mark
    $1000 6
risorgimento

Jonathan
    $1000 1
Respighi

Mark
    $1000 7
(Jonathan: Who is Lucrece?)

(Alexander) Pope

MarkJonathan

Scores at the end of the Double Jeopardy! Round:

Mark Jonathan Lou
$9,200 $3,900 $8,300

[wagering suggestions for these scores]

Final Jeopardy! Round responses

SOUTH AFRICA
JonathanWho was Smuts?
$3,855
LouWho was Kruger
$901
MarkWho is Kruger
$7,401
Cecil Rhodes

Final scores:

Mark Jonathan Lou
$1,799 $45 $7,399
2nd place: $5,000 + Jeopardy! 25th Anniversary home game or computer version 3rd place: $5,000+ Jeopardy! 25th Anniversary home game or computer version Finalist

Game dynamics:

Coryat scores:

Mark Jonathan Lou
$7,000 $3,300 $8,300
13 R
(including 2 DDs),
3 W
22 R
(including 1 DD),
6 W
20 R,
1 W

Combined Coryat: $18,600

[game clues] [game scores] [suggest correction]

Game tape date: 1991-10-15
The J! Archive is created by fans, for fans. Scraping, republication, monetization, and malicious use prohibited; this site may use cookies and collect identifying information. See terms. The Jeopardy! game show and all elements thereof, including but not limited to copyright and trademark thereto, are the property of Jeopardy Productions, Inc. and are protected under law. This website is not affiliated with, sponsored by, or operated by Jeopardy Productions, Inc. Join the discussion at JBoard.tv.